000 00375nam a2200157Ia 4500
008 230524s9999 xx 000 0 und d
082 _a612.3812
_bKHE
100 _aL.K.Khera
245 0 _aElectrical Machines Design
250 _a*
260 _aNEW DELHI
_bKaption
_c1998
300 _a12+17.72+1.8
500 _aQuantity Number: 2
650 _aElectrical
942 _cBK
999 _c8746
_d8746